01557 2200313 4500001002100000005001500021035002000036008004100056020001900097041000800116082001300124084001900137100002500156700002100181700001800202245006600220250000900286260003900295300003500334520059000369650009100959650004301050990002501093990002501118990002501143990002501168990002501193990002501218INLIS00000000000938520221102031728 a0010-0520009385221102 | | eng  a978-1439803981 aeng a342.7306 a342.7306 ROS p0 aRosenbloom, David H.0 aRosemary O'Leary0 aJoshua Chanin1 aPublic Administration and Law. /cDavid H. Rosenbloom [et.al] a2nd. aNew York :bDelmar Learning,c2010 axiv, 344 p. ; 24 cm. ;c24 cm. aThe book begins by presenting a historical account of the way constitutional and administrative law have incrementally "retrofitted" public agencies into the nation’s constitutional design. It examines the federal judiciary’s impact on federal administration and the effect of the nation’s myriad environmental laws on public administration. Next, it focuses on the role of the individual as a client and customer of public agencies. In a discussion of the Fourth Amendment, it examines street-level encounters between citizens and law enforcement agents. Responding to the rise. 4aAdministrative law;United States.Judicial review of administrative acts;United States. 4aPublic administration --United States. a22441/MKRI-P/XI-2011 a22442/MKRI-P/XI-2011 a22442/MKRI-P/XI-2011 a22441/MKRI-P/XI-2011 a22441/MKRI-P/XI-2011 a22442/MKRI-P/XI-2011